Quizzes
Events
Quiz Creation
Community
Videos
Private Events
Remove Ads
Sign In
Join for FREE
Feedback
Dark Mode
Quiz Categories
Sports
Geography
Music
Movies
Television
Just For Fun
Miscellaneous
History
Literature
Language
Science
Gaming
Entertainment
Religion
Holiday
For Kids
Quiz Lab
Recent
Popular Today
Quiz Kudos Today
Editor Picks
Curator Picks
Quizzes by...
Day
Popularity
Type
Ratings
Length
Year
Community
Subscriptions
Recent Discussions
Orange Saloon
Badges
Playlists
Quests
Create
Leaderboards
Showdown
Live 5
Trivia Bingo
Activity
Puzzle Library
Sporcle Events
Private Events
Virtual Trivia
Globe League
Become a Host
Pub Owners
SporcleCon
Opinionation
Our Games
Videos
Blog
Mobile Apps
Partnerships
Remove Ads and Go Orange
Feedback
Geography
Country
Landmarks
City
State
Population
World
Capital
Continent
Flags
Europe
Africa
Asia
South America
North America
Oceania
Border
Canada
United Kingdom
Topography
United States
Geography
Country
Landmarks
City
State
Population
World
Capital
Continent
Flags
Europe
Africa
Asia
South America
North America
Oceania
Border
Canada
United Kingdom
Topography
United States
Random Quiz
Search Sporcle
×
Quiz Lab
Quiz Lab
Geography
Sporcle
Type in answers that appear in a list
Type in answers that appear in a list
Classic
Best Score? Go Orange.
Name the SPORCLE countries of Europe Stats
Can you name the Name the SPORCLE countries of Europe?
By
gregoryshipp22
4m
19 Questions
170 Plays
170 Plays
170 Plays
Comments
Comments
Give Quiz Kudos
Give Quiz Kudos
-
- Ratings
hide this ad
More Info
Random Order
Randomize order of answers
Randomize order of answers
Replay
Link that replays current quiz
Next Quiz
Link to next quiz in quiz playlist
You Got
0%
They Got
Avg Score
72%
Avg Friend Score
Upgrade to see
Score Distribution
Jump to the score distribution portion of the page
Score
0/19
Timer
04:00
0
Plays Today
Country
% Correct
Spain
85.9%
Portugal
81.2%
Russia
79.4%
Sweden
77.6%
Latvia
77.1%
Poland
74.7%
Slovenia
74.1%
Estonia
73.5%
Lithuania
73.5%
Slovakia
72.9%
Country
% Correct
Luxembourg
71.8%
Serbia
70.6%
Romania
69.4%
Switzerland
68.8%
Liechtenstein
67.6%
Croatia
67.1%
Czech Republic
65.9%
San Marino
65.9%
Cyprus
64.7%
Quiz Playlist
Details
Report
Send in Message
Add To Playlist
More Info:
Name the countries of Europe that start with the letters S, P, O, R, C, L and E.
Classic:
Type in answers that appear in a list
Random Order:
Randomize order of answers
Quiz Source
Last Updated: Feb 16, 2017
Quiz Scoreboard
CHALLENGE
Sign Up to Join the Scoreboard
Show All
Scores
Hide
Comments
May contain spoilers
Recently Published
NBA Finals Game Top Scorers (2010s)
by flibbidy
Sports
5m
Guess the 'R' Things in 3 Words
by MSUKent
Miscellaneous
3m
Actor to Badly Drawn Movie III
by MoMosMoProblems
Movies
5m
More to Explore
Quiz From the Vault
Featured Blog Post
Where Does Lost Luggage Go?
hide this ad
You Might Also Like...
Tags
Europe Quiz
Sporcle Quiz
Letter C
Letter E
Letter L
Letter O
Letter P
Letter R
Letter S
name
Today's Top Quizzes in Geography
Browse Geography
hide this ad
Today's Top Quizzes in Sporcle
Browse Sporcle
Top Contributed Quizzes in Geography
1
Countries of the World - No Outlines Minefield
2
Find the Landmarks A-Z
3
Lietuvos savivaldybės (Lithuanian Municipalities)
4
Blind Ultimate Minefield: World
5
Ultimate Geography Challenge 'A'
6
Find the US States - No Outlines
7
3, 2, 1 or 0: Land Borders
8
Complete the Map Snippet (Minefield) IX
9
Complete the Map Snippet (Minefield) X
10
Nickname Match: U.S. States
Explore More
Trending Topics
NBA
Harry Potter
Marvel
Crossword
Disney
Anime
Kpop
Puzzle
Song
Pokémon
Soccer
WWE
NFL
Country
The Office
hide this ad
More By:
gregoryshipp22
Quiz
Plays
Rating
Category
Featured
Created
Monty Python's Bravely Bold Sir Robin Lyrics
15,724
4.56
Music
Jan 6, 2014
Dinosaur Bunker
2,958
4.46
Science
Jan 16, 2015
Actor Film Match (Clickable)
1,280
3.82
Movies
Jun 10, 2013
Don't Get Eaten by the Dinosaur!
455
5.00
Science
Jan 16, 2015
Actors from the Princess Bride
443
5.00
Movies
Dec 13, 2009
Go to Creator's Profile
Score Distribution
Quiz Creator Spotlight
gregoryshipp22
Follow
Send a Message
Quizzes Created
-
Created Quiz Play Count
-
More By This Creator
Popular Quizzes Today
1
Find the US States - No Outlines Minefield
2
Find the US States
3
The Countries of the World
4
10 Largest US States in Order
5
Find the Countries of Europe - No Outlines Minefield
6
US States
7
Guess the 'R' Things in 3 Words
8
NBA Finals Game Top Scorers (2010s)
More Geography Quizzes
Asian J Cities
Quiz Lab
Trending Quizzes
First Name TV: Leading Men
Match the Book to the Film II
First Name TV: Leading Women Drama
3-Word Movies in 1 Word II
Match the Book to the Film VI
Recently Updated
Women's Final Four Teams by Year
bhenderson79
Presidents Quartet II
eogle
Anything But Clue(do)
eogle
Anything But Oceanian Capitals
eogle
Anything But 7
eogle
Anything But Thing
eogle
Word Ladder: February 29
pecheneg
Song Title Questions
pecheneg
Women's NCAA Tournament #1 Seeds
pecheneg
Celebrity Mug Shots
pecheneg
Trending Topics
Disney
Anime
Crossword
Harry Potter
Kpop
NBA
Marvel
NFL
Soccer
The Office
Puzzle
Song
Country
Pokémon
WWE
Your Account Isn't Verified!
In order to create a playlist on Sporcle, you need to verify the email address you used during registration. Go to your
Sporcle Settings
to finish the process.
Report this User
Report this user for behavior that violates our
Community Guidelines
.
Details:
Send Report
Go to the Sporcle.com Mobile Site →
Comments